{"text_format":"3","workbook":"xlsx","n_sheets":17,"sheets":["部门财务收支预算总表01-1","部门收入预算表01-2","部门支出预算表01-3","部门财政拨款收支预算总表02-1","一般公共预算支出预算表02-2","一般公共预算“三公”经费支出预算表03","部门基本支出预算表04","部门项目支出预算表05-1","部门项目支出绩效目标表05-2","部门政府性基金预算表06","部门政府采购预算表07","部门政府购买服务预算表08","省对下转移支付预算表09-1","省对下转移支付绩效目标表09-2","新增资产配置表10","中央转移支付补助项目支出预算表11","部门项目支出中期规划预算表12"],"not_rendered":{"defined_names":1},"read":"whole","date_system":"1900"}

{"sheet":"部门财务收支预算总表01-1","index":0,"n_rows":21,"n_cols":4,"rows_kept":21,"merged":[[1,0,1,3],[2,0,2,1],[3,0,3,1],[3,2,3,3],[4,0,5,0],[4,1,5,1],[4,2,5,2],[4,3,5,3]]}
[{"$nulls":3},"预算01-1表"]
["2026年部门财务收支预算总表"]
[{"$f":"\"单位名称：\"&\"云南省水文水资源局德宏分局\"","v":"单位名称：云南省水文水资源局德宏分局"},null,null,"单位：元"]
["收        入",null,"支        出"]
["项      目","预算数","项目（按功能分类）","预算数"]
[]
["一、一般公共预算拨款收入",{"v":13662310.58,"d":"13,662,310.58"},{"$f":"\"一\"&\"、\"&\"科学技术支出\"","v":"一、科学技术支出"},{"v":19662,"d":"19,662.00"}]
["二、政府性基金预算拨款收入",null,{"$f":"\"二\"&\"、\"&\"社会保障和就业支出\"","v":"二、社会保障和就业支出"},{"v":1161125.77,"d":"1,161,125.77"}]
["三、国有资本经营预算拨款收入",null,{"$f":"\"三\"&\"、\"&\"卫生健康支出\"","v":"三、卫生健康支出"},{"v":653890.03,"d":"653,890.03"}]
["四、财政专户管理资金收入",null,{"$f":"\"四\"&\"、\"&\"农林水支出\"","v":"四、农林水支出"},{"v":12022414.63,"d":"12,022,414.63"}]
["五、单位资金",{"v":970000,"d":"970,000.00"},{"$f":"\"五\"&\"、\"&\"住房保障支出\"","v":"五、住房保障支出"},{"v":844880.15,"d":"844,880.15"}]
["1、事业收入"]
["2、事业单位经营收入"]
["3、上级补助收入"]
["4、附属单位上缴收入"]
["5、其他收入",{"v":970000,"d":"970,000.00"}]
["本年收入合计",{"v":14632310.58,"d":"14,632,310.58"},"本年支出合计",{"v":14701972.58,"d":"14,701,972.58"}]
["上年结转结余",{"v":154764.6,"d":"154,764.60"},"年终结转结余",{"v":85102.6,"d":"85,102.60"}]
["1、财政拨款结转结余",{"v":19662,"d":"19,662.00"},"1、财政拨款结转结余"]
["2、非财政拨款结余",{"v":135102.6,"d":"135,102.60"},"2、非财政拨款结余",{"v":85102.6,"d":"85,102.60"}]
["收  入  总  计",{"v":14787075.18,"d":"14,787,075.18"},"支 出 总 计",{"v":14787075.18,"d":"14,787,075.18"}]

{"sheet":"部门收入预算表01-2","index":1,"n_rows":9,"n_cols":19,"rows_kept":9,"merged":[[0,17,0,18],[1,0,1,18],[2,0,2,3],[2,17,2,18],[3,0,5,0],[3,1,5,1],[3,2,5,2],[3,3,3,13],[3,14,3,18],[4,3,5,3],[4,4,5,4],[4,5,5,5],[4,6,5,6],[4,7,5,7],[4,8,4,13],[4,14,5,14],[4,15,5,15],[4,16,5,16],[4,17,5,17],[4,18,5,18]]}
[{"$nulls":17},"预算01-2表"]
["2026年部门收入预算表"]
[{"$f":"\"单位名称：\"&\"云南省水文水资源局德宏分局\"","v":"单位名称：云南省水文水资源局德宏分局"},{"$nulls":16},"单位：元"]
["部门（单位）代码","部门（单位）名称","合计","本年收入",{"$nulls":10},"上年结转结余"]
[{"$nulls":3},"小计","一般公共预算","政府性基金预算","国有资本经营预算","财政专户管理资金","单位资金收入",null,"事业单位经营收入","上级补助收入","附属单位上缴收入","其他收入","小计","一般公共预算","政府性基金预算","国有资本经营预算","非财政拨款结余"]
[{"$nulls":8},"小计","事业收入","事业单位经营收入","上级补助收入","附属单位上缴收入","其他收入"]
[1,2,3,4,5,6,7,8,9,10,11,12,13,14,15,16,17,18,19]
["126010014","云南省水文水资源局德宏分局",{"v":14787075.18,"d":"14,787,075.18"},{"v":14632310.58,"d":"14,632,310.58"},{"v":13662310.58,"d":"13,662,310.58"},{"$nulls":3},{"v":970000,"d":"970,000.00"},{"$nulls":4},{"v":970000,"d":"970,000.00"},{"v":154764.6,"d":"154,764.60"},{"v":19662,"d":"19,662.00"},null,null,{"v":135102.6,"d":"135,102.60"}]
["合计",null,{"v":14787075.18,"d":"14,787,075.18"},{"v":14632310.58,"d":"14,632,310.58"},{"v":13662310.58,"d":"13,662,310.58"},{"$nulls":3},{"v":970000,"d":"970,000.00"},{"$nulls":4},{"v":970000,"d":"970,000.00"},{"v":154764.6,"d":"154,764.60"},{"v":19662,"d":"19,662.00"},null,null,{"v":135102.6,"d":"135,102.60"}]

{"sheet":"部门支出预算表01-3","index":2,"n_rows":28,"n_cols":15,"rows_kept":28,"merged":[[1,0,1,14],[2,0,2,11],[3,0,4,0],[3,1,4,1],[3,2,4,2],[3,3,3,5],[3,6,4,6],[3,7,4,7],[3,8,4,8],[3,9,3,14],[27,0,27,1]]}
[{"$nulls":14},"预算01-3表"]
["2026年部门支出预算表"]
[{"$f":"\"单位名称：\"&\"云南省水文水资源局德宏分局\"","v":"单位名称：云南省水文水资源局德宏分局"},{"$nulls":13},"单位：元"]
["科目编码","科目名称","合计","一般公共预算",null,null,"政府性基金预算","国有资本经营预算","财政专户管理的支出","单位资金","事业支出","事业单位\n经营支出","上级补助支出","附属单位补助支出","其他支出"]
[{"$nulls":3},"小计","基本支出","项目支出",{"$nulls":3},"小计","事业支出","事业单位\n经营支出","上级补助支出","附属单位补助支出","其他支出"]
[1,2,3,4,5,6,7,8,9,10,11,12,13,14,15]
["206","科学技术支出",{"v":19662,"d":"19,662.00"},{"v":19662,"d":"19,662.00"},null,{"v":19662,"d":"19,662.00"}]
["20602","基础研究",{"v":19662,"d":"19,662.00"},{"v":19662,"d":"19,662.00"},null,{"v":19662,"d":"19,662.00"}]
["2060208","科技人才队伍建设",{"v":19662,"d":"19,662.00"},{"v":19662,"d":"19,662.00"},null,{"v":19662,"d":"19,662.00"}]
["208","社会保障和就业支出",{"v":1161125.77,"d":"1,161,125.77"},{"v":1141125.77,"d":"1,141,125.77"},{"v":1141125.77,"d":"1,141,125.77"},{"$nulls":4},{"v":20000,"d":"20,000.00"},{"$nulls":4},{"v":20000,"d":"20,000.00"}]
["20805","行政事业单位养老支出",{"v":1105799.19,"d":"1,105,799.19"},{"v":1085799.19,"d":"1,085,799.19"},{"v":1085799.19,"d":"1,085,799.19"},{"$nulls":4},{"v":20000,"d":"20,000.00"},{"$nulls":4},{"v":20000,"d":"20,000.00"}]
["2080502","事业单位离退休",{"v":35930,"d":"35,930.00"},{"v":15930,"d":"15,930.00"},{"v":15930,"d":"15,930.00"},{"$nulls":4},{"v":20000,"d":"20,000.00"},{"$nulls":4},{"v":20000,"d":"20,000.00"}]
["2080505","机关事业单位基本养老保险缴费支出",{"v":1069869.19,"d":"1,069,869.19"},{"v":1069869.19,"d":"1,069,869.19"},{"v":1069869.19,"d":"1,069,869.19"}]
["20899","其他社会保障和就业支出",{"v":55326.58,"d":"55,326.58"},{"v":55326.58,"d":"55,326.58"},{"v":55326.58,"d":"55,326.58"}]
["2089999","其他社会保障和就业支出",{"v":55326.58,"d":"55,326.58"},{"v":55326.58,"d":"55,326.58"},{"v":55326.58,"d":"55,326.58"}]
["210","卫生健康支出",{"v":653890.03,"d":"653,890.03"},{"v":653890.03,"d":"653,890.03"},{"v":653890.03,"d":"653,890.03"}]
["21011","行政事业单位医疗",{"v":653890.03,"d":"653,890.03"},{"v":653890.03,"d":"653,890.03"},{"v":653890.03,"d":"653,890.03"}]
["2101102","事业单位医疗",{"v":473374.31,"d":"473,374.31"},{"v":473374.31,"d":"473,374.31"},{"v":473374.31,"d":"473,374.31"}]
["2101103","公务员医疗补助",{"v":160828.22,"d":"160,828.22"},{"v":160828.22,"d":"160,828.22"},{"v":160828.22,"d":"160,828.22"}]
["2101199","其他行政事业单位医疗支出",{"v":19687.5,"d":"19,687.50"},{"v":19687.5,"d":"19,687.50"},{"v":19687.5,"d":"19,687.50"}]
["213","农林水支出",{"v":12022414.63,"d":"12,022,414.63"},{"v":11022414.63,"d":"11,022,414.63"},{"v":8267714.63,"d":"8,267,714.63"},{"v":2754700,"d":"2,754,700.00"},{"$nulls":3},{"v":1000000,"d":"1,000,000.00"},{"$nulls":4},{"v":1000000,"d":"1,000,000.00"}]
["21303","水利",{"v":12022414.63,"d":"12,022,414.63"},{"v":11022414.63,"d":"11,022,414.63"},{"v":8267714.63,"d":"8,267,714.63"},{"v":2754700,"d":"2,754,700.00"},{"$nulls":3},{"v":1000000,"d":"1,000,000.00"},{"$nulls":4},{"v":1000000,"d":"1,000,000.00"}]
["2130311","水资源节约管理与保护",{"v":274000,"d":"274,000.00"},{"v":274000,"d":"274,000.00"},null,{"v":274000,"d":"274,000.00"}]
["2130313","水文测报",{"v":11748414.63,"d":"11,748,414.63"},{"v":10748414.63,"d":"10,748,414.63"},{"v":8267714.63,"d":"8,267,714.63"},{"v":2480700,"d":"2,480,700.00"},{"$nulls":3},{"v":1000000,"d":"1,000,000.00"},{"$nulls":4},{"v":1000000,"d":"1,000,000.00"}]
["221","住房保障支出",{"v":844880.15,"d":"844,880.15"},{"v":844880.15,"d":"844,880.15"},{"v":844880.15,"d":"844,880.15"}]
["22102","住房改革支出",{"v":844880.15,"d":"844,880.15"},{"v":844880.15,"d":"844,880.15"},{"v":844880.15,"d":"844,880.15"}]
["2210201","住房公积金",{"v":844880.15,"d":"844,880.15"},{"v":844880.15,"d":"844,880.15"},{"v":844880.15,"d":"844,880.15"}]
["合  计","合  计",{"v":14701972.58,"d":"14,701,972.58"},{"v":13681972.58,"d":"13,681,972.58"},{"v":10907610.58,"d":"10,907,610.58"},{"v":2774362,"d":"2,774,362.00"},{"$nulls":3},{"v":1020000,"d":"1,020,000.00"},{"$nulls":4},{"v":1020000,"d":"1,020,000.00"}]

{"sheet":"部门财政拨款收支预算总表02-1","index":3,"n_rows":16,"n_cols":4,"rows_kept":16,"merged":[[1,0,1,3],[2,0,2,1],[3,0,3,1],[3,2,3,3],[4,0,5,0],[4,1,5,1],[4,2,5,2],[4,3,5,3]]}
[{"$nulls":3},"预算02-1表"]
["2026年财政拨款收支预算总表"]
[{"$f":"\"单位名称：\"&\"云南省水文水资源局德宏分局\"","v":"单位名称：云南省水文水资源局德宏分局"},null,null,"单位：元"]
["收        入",null,"支        出"]
["项      目","预算数","支出功能分类科目","预算数"]
[]
["一、本年收入",{"v":13662310.58,"d":"13,662,310.58"},"一、本年支出",{"v":13681972.58,"d":"13,681,972.58"}]
["（一）一般公共预算拨款",{"v":13662310.58,"d":"13,662,310.58"},{"$f":"\"（一）\"&\"科学技术支出\"","v":"（一）科学技术支出"},{"v":19662,"d":"19,662.00"}]
["（二）政府性基金预算拨款",null,{"$f":"\"（二）\"&\"社会保障和就业支出\"","v":"（二）社会保障和就业支出"},{"v":1141125.77,"d":"1,141,125.77"}]
["（三）国有资本经营预算拨款",null,{"$f":"\"（三）\"&\"卫生健康支出\"","v":"（三）卫生健康支出"},{"v":653890.03,"d":"653,890.03"}]
["二、上年结转",{"v":19662,"d":"19,662.00"},{"$f":"\"（四）\"&\"农林水支出\"","v":"（四）农林水支出"},{"v":11022414.63,"d":"11,022,414.63"}]
["（一）一般公共预算拨款",{"v":19662,"d":"19,662.00"},{"$f":"\"（五）\"&\"住房保障支出\"","v":"（五）住房保障支出"},{"v":844880.15,"d":"844,880.15"}]
["（二）政府性基金预算拨款"]
["（三）国有资本经营预算拨款"]
[null,null,"二、年终结转结余"]
["收 入 总 计",{"v":13681972.58,"d":"13,681,972.58"},"支 出 总 计",{"v":13681972.58,"d":"13,681,972.58"}]

{"sheet":"一般公共预算支出预算表02-2","index":4,"n_rows":25,"n_cols":7,"rows_kept":25,"merged":[[1,0,1,6],[2,0,2,4],[3,0,3,1],[3,2,4,2],[3,3,3,5],[3,6,4,6],[24,0,24,1]]}
[{"$nulls":6},"预算02-2表"]
["2026年一般公共预算支出预算表（按功能科目分类）"]
[{"$f":"\"单位名称：\"&\"云南省水文水资源局德宏分局\"","v":"单位名称：云南省水文水资源局德宏分局"},{"$nulls":5},"单位：元"]
["部门预算支出功能分类科目",null,"合计","基本支出",null,null,"项目支出"]
["科目编码","科目名称",null,"小计","人员经费","公用经费"]
["1","2","3",null,"4","5","6"]
["208","社会保障和就业支出",{"v":1141125.77,"d":"1,141,125.77"},{"v":1141125.77,"d":"1,141,125.77"},{"v":1125195.77,"d":"1,125,195.77"},{"v":15930,"d":"15,930.00"}]
["20805","行政事业单位养老支出",{"v":1085799.19,"d":"1,085,799.19"},{"v":1085799.19,"d":"1,085,799.19"},{"v":1069869.19,"d":"1,069,869.19"},{"v":15930,"d":"15,930.00"}]
["2080502","事业单位离退休",{"v":15930,"d":"15,930.00"},{"v":15930,"d":"15,930.00"},null,{"v":15930,"d":"15,930.00"}]
["2080505","机关事业单位基本养老保险缴费支出",{"v":1069869.19,"d":"1,069,869.19"},{"v":1069869.19,"d":"1,069,869.19"},{"v":1069869.19,"d":"1,069,869.19"}]
["20899","其他社会保障和就业支出",{"v":55326.58,"d":"55,326.58"},{"v":55326.58,"d":"55,326.58"},{"v":55326.58,"d":"55,326.58"}]
["2089999","其他社会保障和就业支出",{"v":55326.58,"d":"55,326.58"},{"v":55326.58,"d":"55,326.58"},{"v":55326.58,"d":"55,326.58"}]
["210","卫生健康支出",{"v":653890.03,"d":"653,890.03"},{"v":653890.03,"d":"653,890.03"},{"v":653890.03,"d":"653,890.03"}]
["21011","行政事业单位医疗",{"v":653890.03,"d":"653,890.03"},{"v":653890.03,"d":"653,890.03"},{"v":653890.03,"d":"653,890.03"}]
["2101102","事业单位医疗",{"v":473374.31,"d":"473,374.31"},{"v":473374.31,"d":"473,374.31"},{"v":473374.31,"d":"473,374.31"}]
["2101103","公务员医疗补助",{"v":160828.22,"d":"160,828.22"},{"v":160828.22,"d":"160,828.22"},{"v":160828.22,"d":"160,828.22"}]
["2101199","其他行政事业单位医疗支出",{"v":19687.5,"d":"19,687.50"},{"v":19687.5,"d":"19,687.50"},{"v":19687.5,"d":"19,687.50"}]
["213","农林水支出",{"v":11022414.63,"d":"11,022,414.63"},{"v":8267714.63,"d":"8,267,714.63"},{"v":7519575.4,"d":"7,519,575.40"},{"v":748139.23,"d":"748,139.23"},{"v":2754700,"d":"2,754,700.00"}]
["21303","水利",{"v":11022414.63,"d":"11,022,414.63"},{"v":8267714.63,"d":"8,267,714.63"},{"v":7519575.4,"d":"7,519,575.40"},{"v":748139.23,"d":"748,139.23"},{"v":2754700,"d":"2,754,700.00"}]
["2130311","水资源节约管理与保护",{"v":274000,"d":"274,000.00"},{"$nulls":3},{"v":274000,"d":"274,000.00"}]
["2130313","水文测报",{"v":10748414.63,"d":"10,748,414.63"},{"v":8267714.63,"d":"8,267,714.63"},{"v":7519575.4,"d":"7,519,575.40"},{"v":748139.23,"d":"748,139.23"},{"v":2480700,"d":"2,480,700.00"}]
["221","住房保障支出",{"v":844880.15,"d":"844,880.15"},{"v":844880.15,"d":"844,880.15"},{"v":844880.15,"d":"844,880.15"}]
["22102","住房改革支出",{"v":844880.15,"d":"844,880.15"},{"v":844880.15,"d":"844,880.15"},{"v":844880.15,"d":"844,880.15"}]
["2210201","住房公积金",{"v":844880.15,"d":"844,880.15"},{"v":844880.15,"d":"844,880.15"},{"v":844880.15,"d":"844,880.15"}]
["合  计",null,{"v":13662310.58,"d":"13,662,310.58"},{"v":10907610.58,"d":"10,907,610.58"},{"v":10143541.35,"d":"10,143,541.35"},{"v":764069.23,"d":"764,069.23"},{"v":2754700,"d":"2,754,700.00"}]

{"sheet":"一般公共预算“三公”经费支出预算表03","index":5,"n_rows":7,"n_cols":6,"rows_kept":7,"merged":[[1,0,1,5],[2,0,2,3],[3,0,4,0],[3,1,4,1],[3,2,3,4],[3,5,4,5]]}
[{"$nulls":5},"预算03表"]
["2026年一般公共预算“三公”经费支出预算表"]
[{"$f":"\"单位名称：\"&\"云南省水文水资源局德宏分局\"","v":"单位名称：云南省水文水资源局德宏分局"},{"$nulls":4},"单位：元"]
["“三公”经费合计","因公出国（境）费","公务用车购置及运行费",null,null,"公务接待费"]
[null,null,"小计","公务用车购置费","公务用车运行费"]
[1,2,3,4,5,6]
[{"v":122500,"d":"122,500.00"},null,{"v":122500,"d":"122,500.00"},null,{"v":122500,"d":"122,500.00"}]

{"sheet":"部门基本支出预算表04","index":6,"n_rows":39,"n_cols":23,"rows_kept":39,"merged":[[1,0,1,22],[2,0,2,6],[3,0,6,0],[3,1,6,1],[3,2,6,2],[3,3,6,3],[3,4,6,4],[3,5,6,5],[3,6,6,6],[3,7,3,22],[4,7,6,7],[4,8,4,12],[4,13,4,15],[4,16,6,16],[4,17,4,22],[5,8,6,8],[5,9,6,9],[5,10,6,10],[5,11,6,11],[5,12,6,12],[5,13,6,13],[5,14,6,14],[5,15,6,15],[5,17,6,17],[5,18,6,18],[5,19,6,19],[5,20,6,20],[5,21,6,21],[5,22,6,22],[38,0,38,6]]}
[{"$nulls":22},"预算04表"]
["2026年部门基本支出预算表"]
[{"$f":"\"单位名称：\"&\"云南省水文水资源局德宏分局\"","v":"单位名称：云南省水文水资源局德宏分局"},{"$nulls":21},"单位：元"]
["单位名称","项目代码","项目名称","功能科目编码","功能科目名称","经济科目编码","经济科目名称","资金来源"]
[{"$nulls":7},"合计","一般公共预算",{"$nulls":4},"财政拨款结转结余",null,null,"财政专户管理资金","单位资金"]
[{"$nulls":8},"全年数","已提前安排","抵扣上年垫付资金","本次下达","另文下达","一般公共预算","政府性基金预算","国有资本经营预算",null,"小计","事业收入","事业单位\n经营收入","上级补助收入","附属单位上缴收入","其他收入"]
[]
[1,2,3,4,5,6,7,8,9,10,11,12,13,14,15,16,17,18,19,20,21,22,23]
["云南省水文水资源局德宏分局",{"$nulls":6},{"v":11058736.58,"d":"11,058,736.58"},{"v":10907610.58,"d":"10,907,610.58"},{"v":2696777.85,"d":"2,696,777.85"},null,{"v":8210832.73,"d":"8,210,832.73"},{"$nulls":5},{"v":151126,"d":"151,126.00"},{"$nulls":4},{"v":151126,"d":"151,126.00"}]
["云南省水文水资源局德宏分局","530000210000000042612","事业人员支出工资","2130313","水文测报","30101","基本工资",{"v":3295596,"d":"3,295,596.00"},{"v":3295596,"d":"3,295,596.00"},{"v":823899,"d":"823,899.00"},null,{"v":2471697,"d":"2,471,697.00"}]
["云南省水文水资源局德宏分局","530000210000000042612","事业人员支出工资","2130313","水文测报","30102","津贴补贴",{"v":489468,"d":"489,468.00"},{"v":489468,"d":"489,468.00"},{"v":122367,"d":"122,367.00"},null,{"v":367101,"d":"367,101.00"}]
["云南省水文水资源局德宏分局","530000210000000042612","事业人员支出工资","2130313","水文测报","30103","奖金",{"v":274633,"d":"274,633.00"},{"v":274633,"d":"274,633.00"},{"v":68658.25,"d":"68,658.25"},null,{"v":205974.75,"d":"205,974.75"}]
["云南省水文水资源局德宏分局","530000210000000042612","事业人员支出工资","2130313","水文测报","30107","绩效工资",{"v":3430800,"d":"3,430,800.00"},{"v":3430800,"d":"3,430,800.00"},{"v":857700,"d":"857,700.00"},null,{"v":2573100,"d":"2,573,100.00"}]
["云南省水文水资源局德宏分局","530000210000000042613","社会保障缴费","2080505","机关事业单位基本养老保险缴费支出","30108","机关事业单位基本养老保险缴费",{"v":1069869.19,"d":"1,069,869.19"},{"v":1069869.19,"d":"1,069,869.19"},{"v":267467.3,"d":"267,467.30"},null,{"v":802401.89,"d":"802,401.89"}]
["云南省水文水资源局德宏分局","530000210000000042613","社会保障缴费","2089999","其他社会保障和就业支出","30112","其他社会保障缴费",{"v":55326.58,"d":"55,326.58"},{"v":55326.58,"d":"55,326.58"},{"v":13831.65,"d":"13,831.65"},null,{"v":41494.93,"d":"41,494.93"}]
["云南省水文水资源局德宏分局","530000210000000042613","社会保障缴费","2101102","事业单位医疗","30110","职工基本医疗保险缴费",{"v":414574.31,"d":"414,574.31"},{"v":414574.31,"d":"414,574.31"},{"v":103643.58,"d":"103,643.58"},null,{"v":310930.73,"d":"310,930.73"}]
["云南省水文水资源局德宏分局","530000210000000042613","社会保障缴费","2101102","事业单位医疗","30307","医疗费补助",{"v":58800,"d":"58,800.00"},{"v":58800,"d":"58,800.00"},{"v":14700,"d":"14,700.00"},null,{"v":44100,"d":"44,100.00"}]
["云南省水文水资源局德宏分局","530000210000000042613","社会保障缴费","2101103","公务员医疗补助","30111","公务员医疗补助缴费",{"v":160828.22,"d":"160,828.22"},{"v":160828.22,"d":"160,828.22"},{"v":40207.06,"d":"40,207.06"},null,{"v":120621.16,"d":"120,621.16"}]
["云南省水文水资源局德宏分局","530000210000000042613","社会保障缴费","2101199","其他行政事业单位医疗支出","30112","其他社会保障缴费",{"v":19687.5,"d":"19,687.50"},{"v":19687.5,"d":"19,687.50"},{"v":19687.5,"d":"19,687.50"}]
["云南省水文水资源局德宏分局","530000210000000042615","住房公积金","2210201","住房公积金","30113","住房公积金",{"v":844880.15,"d":"844,880.15"},{"v":844880.15,"d":"844,880.15"},{"v":211220.04,"d":"211,220.04"},null,{"v":633660.11,"d":"633,660.11"}]
["云南省水文水资源局德宏分局","530000210000000042616","对个人和家庭的补助","2130313","水文测报","30305","生活补助",{"v":29078.4,"d":"29,078.40"},{"v":29078.4,"d":"29,078.40"},{"v":7269.6,"d":"7,269.60"},null,{"v":21808.8,"d":"21,808.80"}]
["云南省水文水资源局德宏分局","530000210000000042618","公车购置及运维费","2130313","水文测报","30231","公务用车运行维护费",{"v":144566,"d":"144,566.00"},{"v":122500,"d":"122,500.00"},null,null,{"v":122500,"d":"122,500.00"},{"$nulls":5},{"v":22066,"d":"22,066.00"},{"$nulls":4},{"v":22066,"d":"22,066.00"}]
["云南省水文水资源局德宏分局","530000210000000042620","公务接待费","2130313","水文测报","30217","公务接待费",{"v":3000,"d":"3,000.00"},{"$nulls":9},{"v":3000,"d":"3,000.00"},{"$nulls":4},{"v":3000,"d":"3,000.00"}]
["云南省水文水资源局德宏分局","530000210000000042622","工会经费","2130313","水文测报","30228","工会经费",{"v":149809.94,"d":"149,809.94"},{"v":149809.94,"d":"149,809.94"},{"v":37452.49,"d":"37,452.49"},null,{"v":112357.45,"d":"112,357.45"}]
["云南省水文水资源局德宏分局","530000210000000042623","一般公用经费","2080502","事业单位离退休","30299","其他商品和服务支出",{"v":35930,"d":"35,930.00"},{"v":15930,"d":"15,930.00"},{"v":3982.5,"d":"3,982.50"},null,{"v":11947.5,"d":"11,947.50"},{"$nulls":5},{"v":20000,"d":"20,000.00"},{"$nulls":4},{"v":20000,"d":"20,000.00"}]
["云南省水文水资源局德宏分局","530000210000000042623","一般公用经费","2130313","水文测报","30201","办公费",{"v":57061.8,"d":"57,061.80"},{"v":57061.8,"d":"57,061.80"},null,null,{"v":57061.8,"d":"57,061.80"}]
["云南省水文水资源局德宏分局","530000210000000042623","一般公用经费","2130313","水文测报","30202","印刷费",{"v":6000,"d":"6,000.00"},{"v":6000,"d":"6,000.00"},{"v":1500,"d":"1,500.00"},null,{"v":4500,"d":"4,500.00"}]
["云南省水文水资源局德宏分局","530000210000000042623","一般公用经费","2130313","水文测报","30204","手续费",{"v":20,"d":"20.00"},{"$nulls":9},{"v":20,"d":"20.00"},{"$nulls":4},{"v":20,"d":"20.00"}]
["云南省水文水资源局德宏分局","530000210000000042623","一般公用经费","2130313","水文测报","30205","水费",{"v":12000,"d":"12,000.00"},{"v":12000,"d":"12,000.00"},{"v":3000,"d":"3,000.00"},null,{"v":9000,"d":"9,000.00"}]
["云南省水文水资源局德宏分局","530000210000000042623","一般公用经费","2130313","水文测报","30206","电费",{"v":95157.55,"d":"95,157.55"},{"v":95157.55,"d":"95,157.55"},{"v":23789.39,"d":"23,789.39"},null,{"v":71368.16,"d":"71,368.16"}]
["云南省水文水资源局德宏分局","530000210000000042623","一般公用经费","2130313","水文测报","30207","邮电费",{"v":30000,"d":"30,000.00"},{"v":30000,"d":"30,000.00"},{"v":7500,"d":"7,500.00"},null,{"v":22500,"d":"22,500.00"}]
["云南省水文水资源局德宏分局","530000210000000042623","一般公用经费","2130313","水文测报","30211","差旅费",{"v":40000,"d":"40,000.00"},{"v":40000,"d":"40,000.00"},{"v":10000,"d":"10,000.00"},null,{"v":30000,"d":"30,000.00"}]
["云南省水文水资源局德宏分局","530000210000000042623","一般公用经费","2130313","水文测报","30213","维修（护）费",{"v":5100,"d":"5,100.00"},{"v":5100,"d":"5,100.00"},{"v":1275,"d":"1,275.00"},null,{"v":3825,"d":"3,825.00"}]
["云南省水文水资源局德宏分局","530000210000000042623","一般公用经费","2130313","水文测报","30214","租赁费",{"v":13700,"d":"13,700.00"},{"v":13700,"d":"13,700.00"},{"v":3425,"d":"3,425.00"},null,{"v":10275,"d":"10,275.00"}]
["云南省水文水资源局德宏分局","530000210000000042623","一般公用经费","2130313","水文测报","30216","培训费",{"v":6000,"d":"6,000.00"},{"v":6000,"d":"6,000.00"},{"v":1500,"d":"1,500.00"},null,{"v":4500,"d":"4,500.00"}]
["云南省水文水资源局德宏分局","530000210000000042623","一般公用经费","2130313","水文测报","30239","其他交通费用",{"v":20040,"d":"20,040.00"},{"$nulls":9},{"v":20040,"d":"20,040.00"},{"$nulls":4},{"v":20040,"d":"20,040.00"}]
["云南省水文水资源局德宏分局","530000210000000042623","一般公用经费","2130313","水文测报","30240","税金及附加费用",{"v":20000,"d":"20,000.00"},{"$nulls":9},{"v":20000,"d":"20,000.00"},{"$nulls":4},{"v":20000,"d":"20,000.00"}]
["云南省水文水资源局德宏分局","530000210000000042623","一般公用经费","2130313","水文测报","30299","其他商品和服务支出",{"v":276809.94,"d":"276,809.94"},{"v":210809.94,"d":"210,809.94"},{"v":52702.49,"d":"52,702.49"},null,{"v":158107.45,"d":"158,107.45"},{"$nulls":5},{"v":66000,"d":"66,000.00"},{"$nulls":4},{"v":66000,"d":"66,000.00"}]
["合  计",{"$nulls":6},{"v":11058736.58,"d":"11,058,736.58"},{"v":10907610.58,"d":"10,907,610.58"},{"v":2696777.85,"d":"2,696,777.85"},null,{"v":8210832.73,"d":"8,210,832.73"},{"$nulls":5},{"v":151126,"d":"151,126.00"},{"$nulls":4},{"v":151126,"d":"151,126.00"}]

{"sheet":"部门项目支出预算表05-1","index":7,"n_rows":36,"n_cols":23,"rows_kept":36,"merged":[[1,0,1,22],[2,0,2,8],[3,0,5,0],[3,1,5,1],[3,2,5,2],[3,3,5,3],[3,4,5,4],[3,5,5,5],[3,6,5,6],[3,7,5,7],[3,8,5,8],[3,9,3,12],[3,13,3,15],[3,16,5,16],[3,17,3,22],[4,9,4,10],[4,11,5,11],[4,12,5,12],[4,13,5,13],[4,14,5,14],[4,15,5,15],[4,17,5,17],[4,18,5,18],[4,19,5,19],[4,20,5,20],[4,21,5,21],[4,22,5,22],[35,0,35,7]]}
[{"$nulls":22},"预算05-1表"]
["2026年部门项目支出预算表"]
[{"$f":"\"单位名称：\"&\"云南省水文水资源局德宏分局\"","v":"单位名称：云南省水文水资源局德宏分局"},"单位名称：云南省水文水资源局德宏分局",{"$nulls":20},"单位：元"]
["项目分类","项目代码","项目名称","项目单位","功能科目编码","功能科目名称","经济科目编码","经济科目名称","合计","本年拨款",{"$nulls":3},"财政拨款结转结余",null,null,"财政专户管理资金","单位资金"]
[{"$nulls":9},"一般公共预算",null,"政府性基金预算","国有资本经营预算","一般公共预算","政府性基金预算","国有资本经营预算",null,"小计","事业收入","事业单位\n经营收入","上级补助收入","附属单位上缴收入","其他收入"]
[{"$nulls":9},"小计","其中：本次下达"]
[1,2,3,4,5,6,7,8,9,10,11,12,13,14,15,16,17,18,19,20,21,22,23]
[null,null,"2025年第一批高层次科技人才培养引进专项资金",{"$nulls":5},{"v":19662,"d":"19,662.00"},{"$nulls":4},{"v":19662,"d":"19,662.00"}]
["专项业务类","530000251100004196315","2025年第一批高层次科技人才培养引进专项资金","云南省水文水资源局德宏分局","2060208","科技人才队伍建设","30211","差旅费",{"v":19662,"d":"19,662.00"},{"$nulls":4},{"v":19662,"d":"19,662.00"}]
[null,null,"其他人员支出",{"$nulls":5},{"v":340000,"d":"340,000.00"},{"v":340000,"d":"340,000.00"},{"v":340000,"d":"340,000.00"}]
["民生类","530000231100001111666","其他人员支出","云南省水文水资源局德宏分局","2130313","水文测报","30199","其他工资福利支出",{"v":340000,"d":"340,000.00"},{"v":340000,"d":"340,000.00"},{"v":340000,"d":"340,000.00"}]
[null,null,"水文水资源服务支出经费",{"$nulls":5},{"v":3283574,"d":"3,283,574.00"},{"v":2414700,"d":"2,414,700.00"},{"$nulls":7},{"v":868874,"d":"868,874.00"},{"$nulls":4},{"v":868874,"d":"868,874.00"}]
["其他运转类","530000251100003229138","水文水资源服务支出经费","云南省水文水资源局德宏分局","2130311","水资源节约管理与保护","30202","印刷费",{"v":15000,"d":"15,000.00"},{"v":15000,"d":"15,000.00"}]
["其他运转类","530000251100003229138","水文水资源服务支出经费","云南省水文水资源局德宏分局","2130311","水资源节约管理与保护","30211","差旅费",{"v":112000,"d":"112,000.00"},{"v":112000,"d":"112,000.00"}]
["其他运转类","530000251100003229138","水文水资源服务支出经费","云南省水文水资源局德宏分局","2130311","水资源节约管理与保护","30213","维修（护）费",{"v":64000,"d":"64,000.00"},{"v":64000,"d":"64,000.00"}]
["其他运转类","530000251100003229138","水文水资源服务支出经费","云南省水文水资源局德宏分局","2130311","水资源节约管理与保护","30218","专用材料费",{"v":32000,"d":"32,000.00"},{"v":32000,"d":"32,000.00"}]
["其他运转类","530000251100003229138","水文水资源服务支出经费","云南省水文水资源局德宏分局","2130311","水资源节约管理与保护","30239","其他交通费用",{"v":20000,"d":"20,000.00"},{"v":20000,"d":"20,000.00"}]
["其他运转类","530000251100003229138","水文水资源服务支出经费","云南省水文水资源局德宏分局","2130311","水资源节约管理与保护","31003","专用设备购置",{"v":31000,"d":"31,000.00"},{"v":31000,"d":"31,000.00"}]
["其他运转类","530000251100003229138","水文水资源服务支出经费","云南省水文水资源局德宏分局","2130313","水文测报","30201","办公费",{"v":85000,"d":"85,000.00"},{"v":79000,"d":"79,000.00"},{"$nulls":7},{"v":6000,"d":"6,000.00"},{"$nulls":4},{"v":6000,"d":"6,000.00"}]
["其他运转类","530000251100003229138","水文水资源服务支出经费","云南省水文水资源局德宏分局","2130313","水文测报","30202","印刷费",{"v":49000,"d":"49,000.00"},{"v":24000,"d":"24,000.00"},{"$nulls":7},{"v":25000,"d":"25,000.00"},{"$nulls":4},{"v":25000,"d":"25,000.00"}]
["其他运转类","530000251100003229138","水文水资源服务支出经费","云南省水文水资源局德宏分局","2130313","水文测报","30207","邮电费",{"v":175020,"d":"175,020.00"},{"v":175020,"d":"175,020.00"}]
["其他运转类","530000251100003229138","水文水资源服务支出经费","云南省水文水资源局德宏分局","2130313","水文测报","30209","物业管理费",{"v":202800,"d":"202,800.00"},{"v":202800,"d":"202,800.00"}]
["其他运转类","530000251100003229138","水文水资源服务支出经费","云南省水文水资源局德宏分局","2130313","水文测报","30211","差旅费",{"v":543000,"d":"543,000.00"},{"v":388000,"d":"388,000.00"},{"$nulls":7},{"v":155000,"d":"155,000.00"},{"$nulls":4},{"v":155000,"d":"155,000.00"}]
["其他运转类","530000251100003229138","水文水资源服务支出经费","云南省水文水资源局德宏分局","2130313","水文测报","30213","维修（护）费",{"v":364100,"d":"364,100.00"},{"v":214100,"d":"214,100.00"},{"$nulls":7},{"v":150000,"d":"150,000.00"},{"$nulls":4},{"v":150000,"d":"150,000.00"}]
["其他运转类","530000251100003229138","水文水资源服务支出经费","云南省水文水资源局德宏分局","2130313","水文测报","30214","租赁费",{"v":1680,"d":"1,680.00"},{"v":1680,"d":"1,680.00"}]
["其他运转类","530000251100003229138","水文水资源服务支出经费","云南省水文水资源局德宏分局","2130313","水文测报","30216","培训费",{"v":2400,"d":"2,400.00"},{"v":2400,"d":"2,400.00"}]
["其他运转类","530000251100003229138","水文水资源服务支出经费","云南省水文水资源局德宏分局","2130313","水文测报","30218","专用材料费",{"v":141160,"d":"141,160.00"},{"v":86000,"d":"86,000.00"},{"$nulls":7},{"v":55160,"d":"55,160.00"},{"$nulls":4},{"v":55160,"d":"55,160.00"}]
["其他运转类","530000251100003229138","水文水资源服务支出经费","云南省水文水资源局德宏分局","2130313","水文测报","30226","劳务费",{"v":115800,"d":"115,800.00"},{"v":58000,"d":"58,000.00"},{"$nulls":7},{"v":57800,"d":"57,800.00"},{"$nulls":4},{"v":57800,"d":"57,800.00"}]
["其他运转类","530000251100003229138","水文水资源服务支出经费","云南省水文水资源局德宏分局","2130313","水文测报","30227","委托业务费",{"v":238000,"d":"238,000.00"},{"v":218000,"d":"218,000.00"},{"$nulls":7},{"v":20000,"d":"20,000.00"},{"$nulls":4},{"v":20000,"d":"20,000.00"}]
["其他运转类","530000251100003229138","水文水资源服务支出经费","云南省水文水资源局德宏分局","2130313","水文测报","30239","其他交通费用",{"v":157914,"d":"157,914.00"},{"v":80000,"d":"80,000.00"},{"$nulls":7},{"v":77914,"d":"77,914.00"},{"$nulls":4},{"v":77914,"d":"77,914.00"}]
["其他运转类","530000251100003229138","水文水资源服务支出经费","云南省水文水资源局德宏分局","2130313","水文测报","30240","税金及附加费用",{"v":30000,"d":"30,000.00"},{"v":10000,"d":"10,000.00"},{"$nulls":7},{"v":20000,"d":"20,000.00"},{"$nulls":4},{"v":20000,"d":"20,000.00"}]
["其他运转类","530000251100003229138","水文水资源服务支出经费","云南省水文水资源局德宏分局","2130313","水文测报","30299","其他商品和服务支出",{"v":92000,"d":"92,000.00"},{"v":70000,"d":"70,000.00"},{"$nulls":7},{"v":22000,"d":"22,000.00"},{"$nulls":4},{"v":22000,"d":"22,000.00"}]
["其他运转类","530000251100003229138","水文水资源服务支出经费","云南省水文水资源局德宏分局","2130313","水文测报","31002","办公设备购置",{"v":35700,"d":"35,700.00"},{"v":35700,"d":"35,700.00"}]
["其他运转类","530000251100003229138","水文水资源服务支出经费","云南省水文水资源局德宏分局","2130313","水文测报","31003","专用设备购置",{"v":593000,"d":"593,000.00"},{"v":496000,"d":"496,000.00"},{"$nulls":7},{"v":97000,"d":"97,000.00"},{"$nulls":4},{"v":97000,"d":"97,000.00"}]
["其他运转类","530000251100003229138","水文水资源服务支出经费","云南省水文水资源局德宏分局","2130313","水文测报","31007","信息网络及软件购置更新",{"v":183000,"d":"183,000.00"},{"$nulls":8},{"v":183000,"d":"183,000.00"},{"$nulls":4},{"v":183000,"d":"183,000.00"}]
["合  计",{"$nulls":7},{"v":3643236,"d":"3,643,236.00"},{"v":2754700,"d":"2,754,700.00"},{"v":340000,"d":"340,000.00"},null,null,{"v":19662,"d":"19,662.00"},{"$nulls":3},{"v":868874,"d":"868,874.00"},{"$nulls":4},{"v":868874,"d":"868,874.00"}]

{"sheet":"部门项目支出绩效目标表05-2","index":8,"n_rows":22,"n_cols":10,"rows_kept":22,"merged":[[1,0,1,9],[2,0,2,7],[6,0,8,0],[6,1,8,1],[9,0,21,0],[9,1,21,1]]}
[{"$nulls":9},"预算05-2表"]
["2026年部门项目支出绩效目标表"]
[{"$f":"\"单位名称：\"&\"云南省水文水资源局德宏分局\"","v":"单位名称：云南省水文水资源局德宏分局"}]
["单位名称、项目名称","项目年度绩效目标","一级指标","二级指标","三级指标","指标性质","指标值","度量单位","指标属性","指标内容"]
[1,2,3,4,5,6,7,8,9,10]
["云南省水文水资源局德宏分局"]
["其他人员支出","做好本部门编外人员经费保障，按规定落实德宏分局盏西站、梁河站、戛中站等9个测站外聘人员待遇，支持部门日常正常运转履职。","产出指标","数量指标","外聘人员数量","=","10","人","定量指标","反映部门（单位）实际聘用人数。"]
["其他人员支出","做好本部门编外人员经费保障，按规定落实德宏分局盏西站、梁河站、戛中站等9个测站外聘人员待遇，支持部门日常正常运转履职。","效益指标","社会效益","水文观测业务工作正常开展","=","正常运转",null,"定性指标","反映部门（单位）水文观测业务工作运转情况。"]
["其他人员支出","做好本部门编外人员经费保障，按规定落实德宏分局盏西站、梁河站、戛中站等9个测站外聘人员待遇，支持部门日常正常运转履职。","满意度指标","服务对象满意度","受益对象满意度",">=","90","%","定量指标","反映部门（单位）对水文站站点观测工作情况满意程度。"]
["水文水资源服务支出经费","根据《云南省财政厅云南省发展和改革委员会关于事业单位经营服务性收费有关问题的通知》开展水文对外经营服务工作，该项目资金主要用于保障德宏分局2026年水文测报、水质监测、水情预警预报等各项工作的正常开展。通过开展水文经营服务工作，加强水文、水资源基础研究、促进水文新技术的开发利用、培养人才和锻炼水文队伍，确保德宏水文事业稳定可持续发展。","产出指标","数量指标","完成监测任务水文站数量","=","13","个","定量指标","反映部门全年完成监测任务水文站数量情况。"]
["水文水资源服务支出经费","根据《云南省财政厅云南省发展和改革委员会关于事业单位经营服务性收费有关问题的通知》开展水文对外经营服务工作，该项目资金主要用于保障德宏分局2026年水文测报、水质监测、水情预警预报等各项工作的正常开展。通过开展水文经营服务工作，加强水文、水资源基础研究、促进水文新技术的开发利用、培养人才和锻炼水文队伍，确保德宏水文事业稳定可持续发展。","产出指标","数量指标","完成监测任务的水位站数量","=","2","个","定量指标","反映部门全年完成监测任务的水位站数量情况。"]
["水文水资源服务支出经费","根据《云南省财政厅云南省发展和改革委员会关于事业单位经营服务性收费有关问题的通知》开展水文对外经营服务工作，该项目资金主要用于保障德宏分局2026年水文测报、水质监测、水情预警预报等各项工作的正常开展。通过开展水文经营服务工作，加强水文、水资源基础研究、促进水文新技术的开发利用、培养人才和锻炼水文队伍，确保德宏水文事业稳定可持续发展。","产出指标","数量指标","完成监测任务的雨量站数量","=","109","个","定量指标","反映部门全年对全州完成监测任务的雨量站数量情况。"]
["水文水资源服务支出经费","根据《云南省财政厅云南省发展和改革委员会关于事业单位经营服务性收费有关问题的通知》开展水文对外经营服务工作，该项目资金主要用于保障德宏分局2026年水文测报、水质监测、水情预警预报等各项工作的正常开展。通过开展水文经营服务工作，加强水文、水资源基础研究、促进水文新技术的开发利用、培养人才和锻炼水文队伍，确保德宏水文事业稳定可持续发展。","产出指标","数量指标","水质监测站点数量","=","25","个","定量指标","反映全年完成水质监测站点数量情况。"]
["水文水资源服务支出经费","根据《云南省财政厅云南省发展和改革委员会关于事业单位经营服务性收费有关问题的通知》开展水文对外经营服务工作，该项目资金主要用于保障德宏分局2026年水文测报、水质监测、水情预警预报等各项工作的正常开展。通过开展水文经营服务工作，加强水文、水资源基础研究、促进水文新技术的开发利用、培养人才和锻炼水文队伍，确保德宏水文事业稳定可持续发展。","产出指标","数量指标","水质监测测次总数","=","207","次","定量指标","反映全年德宏分局水质监测测次总数。"]
["水文水资源服务支出经费","根据《云南省财政厅云南省发展和改革委员会关于事业单位经营服务性收费有关问题的通知》开展水文对外经营服务工作，该项目资金主要用于保障德宏分局2026年水文测报、水质监测、水情预警预报等各项工作的正常开展。通过开展水文经营服务工作，加强水文、水资源基础研究、促进水文新技术的开发利用、培养人才和锻炼水文队伍，确保德宏水文事业稳定可持续发展。","产出指标","数量指标","水环境监测分中心正常运行","=","1.00","个","定量指标","反映水环境监测中心德宏分中心正常运行情况。"]
["水文水资源服务支出经费","根据《云南省财政厅云南省发展和改革委员会关于事业单位经营服务性收费有关问题的通知》开展水文对外经营服务工作，该项目资金主要用于保障德宏分局2026年水文测报、水质监测、水情预警预报等各项工作的正常开展。通过开展水文经营服务工作，加强水文、水资源基础研究、促进水文新技术的开发利用、培养人才和锻炼水文队伍，确保德宏水文事业稳定可持续发展。","产出指标","质量指标","水文年鉴汇编刊印资料合格率","=","100","%","定量指标","反映全年水文年鉴汇编刊印资料合格率情况。"]
["水文水资源服务支出经费","根据《云南省财政厅云南省发展和改革委员会关于事业单位经营服务性收费有关问题的通知》开展水文对外经营服务工作，该项目资金主要用于保障德宏分局2026年水文测报、水质监测、水情预警预报等各项工作的正常开展。通过开展水文经营服务工作，加强水文、水资源基础研究、促进水文新技术的开发利用、培养人才和锻炼水文队伍，确保德宏水文事业稳定可持续发展。","产出指标","质量指标","汛期监测站点信息到报率",">=","95","%","定量指标","反映德宏分局汛期监测站点信息到报率。"]
["水文水资源服务支出经费","根据《云南省财政厅云南省发展和改革委员会关于事业单位经营服务性收费有关问题的通知》开展水文对外经营服务工作，该项目资金主要用于保障德宏分局2026年水文测报、水质监测、水情预警预报等各项工作的正常开展。通过开展水文经营服务工作，加强水文、水资源基础研究、促进水文新技术的开发利用、培养人才和锻炼水文队伍，确保德宏水文事业稳定可持续发展。","产出指标","质量指标","河道洪（枯）水预警发布率",">=","98","%","定量指标","反映德宏分局河道洪（枯）水预警发布率。"]
["水文水资源服务支出经费","根据《云南省财政厅云南省发展和改革委员会关于事业单位经营服务性收费有关问题的通知》开展水文对外经营服务工作，该项目资金主要用于保障德宏分局2026年水文测报、水质监测、水情预警预报等各项工作的正常开展。通过开展水文经营服务工作，加强水文、水资源基础研究、促进水文新技术的开发利用、培养人才和锻炼水文队伍，确保德宏水文事业稳定可持续发展。","产出指标","时效指标","水文经营服务合同完成情况",">=",10,"项（个）","定量指标","专用水文站的设计、建设、运行、管理，根据科技人员、技术设备及资质条件、法律法规许可的能力承担并组织开展的其他服务项目，合同时效期内完成承接业务。"]
["水文水资源服务支出经费","根据《云南省财政厅云南省发展和改革委员会关于事业单位经营服务性收费有关问题的通知》开展水文对外经营服务工作，该项目资金主要用于保障德宏分局2026年水文测报、水质监测、水情预警预报等各项工作的正常开展。通过开展水文经营服务工作，加强水文、水资源基础研究、促进水文新技术的开发利用、培养人才和锻炼水文队伍，确保德宏水文事业稳定可持续发展。","产出指标","时效指标","水情预报预警服务报送及时率",">=",85,"%","定量指标","反映德宏分局水情预报预警服务及时报送率。"]
["水文水资源服务支出经费",null,"效益指标","社会效益","水文事业发展有效提升","=","有效提升",null,"定性指标","反映水文事业发展提升情况。"]
["水文水资源服务支出经费","根据《云南省财政厅云南省发展和改革委员会关于事业单位经营服务性收费有关问题的通知》开展水文对外经营服务工作，该项目资金主要用于保障德宏分局2026年水文测报、水质监测、水情预警预报等各项工作的正常开展。通过开展水文经营服务工作，加强水文、水资源基础研究、促进水文新技术的开发利用、培养人才和锻炼水文队伍，确保德宏水文事业稳定可持续发展。","满意度指标","服务对象满意度","受益对象满意度",">=","90","%","定量指标","反映受益对象满意度，满意度=调查人数中整体满意度/总调查人数×100%。"]

{"sheet":"部门政府性基金预算表06","index":9,"n_rows":9,"n_cols":6,"rows_kept":9,"merged":[[1,0,1,5],[2,0,2,1],[3,0,4,0],[3,1,4,1],[3,2,4,2],[3,3,3,5],[7,0,7,2]]}
[{"$nulls":5},"预算06表"]
["2026年政府性基金预算支出预算表"]
[{"$f":"\"单位名称：\"&\"云南省水文水资源局德宏分局\"","v":"单位名称：云南省水文水资源局德宏分局"},{"$nulls":4},"单位：元"]
["单位名称","科目编码","科目名称","政府性基金预算支出"]
[{"$nulls":3},"合计","基本支出","项目支出"]
[1,2,3,4,5,6]
[]
["合  计",null,"合  计"]
["备注：云南省水文水资源局德宏分局不涉及政府性基金预算支出，本表为空。"]

{"sheet":"部门政府采购预算表07","index":10,"n_rows":22,"n_cols":17,"rows_kept":22,"merged":[[1,0,1,16],[2,0,2,5],[3,0,5,0],[3,1,5,1],[3,2,5,2],[3,3,5,3],[3,4,5,4],[3,5,5,5],[3,6,3,16],[4,6,5,6],[4,7,5,7],[4,8,5,8],[4,9,5,9],[4,10,5,10],[4,11,4,16],[21,0,21,4]]}
[{"$nulls":16},"预算07表"]
["2026年部门政府采购预算表"]
[{"$f":"\"单位名称：\"&\"云南省水文水资源局德宏分局\"","v":"单位名称：云南省水文水资源局德宏分局"},{"$nulls":15},"单位：元"]
["预算项目","采购项目","采购品目","计量\n单位","数量","面向中小企业预留资金","资金来源"]
[{"$nulls":6},"合计","一般公共预算","政府性\n基金","国有资本经营收益","财政专户管理的收入","单位自筹"]
[{"$nulls":7},"小计",{"$nulls":3},"小计","事业收入","事业单位\n经营收入","上级补助收入","附属单位上缴收入","其他收入"]
[1,2,3,4,5,6,7,8,9,10,11,12,13,14,15,16,17]
["云南省水文水资源局德宏分局",{"$nulls":4},{"v":209400,"d":"209,400.00"},{"v":337400,"d":"337,400.00"},{"v":317736,"d":"317,736.00"},{"$nulls":3},{"v":19664,"d":"19,664.00"},{"$nulls":4},{"v":19664,"d":"19,664.00"}]
["公车购置及运维费","公务用车燃油费","C23120302 车辆加油、添加燃料服务","年",1,null,{"v":68000,"d":"68,000.00"},{"v":68000,"d":"68,000.00"}]
["公车购置及运维费","公务用车保养和维修费用","C23120301 车辆维修和保养服务","年",1,{"v":11586,"d":"11,586.00"},{"v":11586,"d":"11,586.00"},{"v":11586,"d":"11,586.00"}]
["公车购置及运维费","公务用车保养和维修费用","C23120301 车辆维修和保养服务","年",1,{"v":19664,"d":"19,664.00"},{"v":19664,"d":"19,664.00"},{"$nulls":4},{"v":19664,"d":"19,664.00"},{"$nulls":4},{"v":19664,"d":"19,664.00"}]
["公车购置及运维费","公务用车保险","C1804010201 机动车保险服务","年",1,null,{"v":15000,"d":"15,000.00"},{"v":15000,"d":"15,000.00"}]
["一般公用经费","复印纸","A05040101 复印纸","包",150,{"v":4500,"d":"4,500.00"},{"v":4500,"d":"4,500.00"},{"v":4500,"d":"4,500.00"}]
["水文水资源服务支出经费","办公椅","A05010301 办公椅","把",10,{"v":8000,"d":"8,000.00"},{"v":8000,"d":"8,000.00"},{"v":8000,"d":"8,000.00"}]
["水文水资源服务支出经费","不间断电源电阻","A02061504 不间断电源","组",1,{"v":82000,"d":"82,000.00"},{"v":82000,"d":"82,000.00"},{"v":82000,"d":"82,000.00"}]
["水文水资源服务支出经费","空调机（壁挂式）","A02061804 空调机","台",2,{"v":6400,"d":"6,400.00"},{"v":6400,"d":"6,400.00"},{"v":6400,"d":"6,400.00"}]
["水文水资源服务支出经费","空调机（柜式）","A02061804 空调机","台",2,{"v":14400,"d":"14,400.00"},{"v":14400,"d":"14,400.00"},{"v":14400,"d":"14,400.00"}]
["水文水资源服务支出经费","条形打印机","A02021007 条码打印机","台",1,{"v":2850,"d":"2,850.00"},{"v":2850,"d":"2,850.00"},{"v":2850,"d":"2,850.00"}]
["水文水资源服务支出经费","图形工作站（国产、含操作系统）","A02010107 图形工作站","台",1,null,{"v":30000,"d":"30,000.00"},{"v":30000,"d":"30,000.00"}]
["水文水资源服务支出经费","图形工作站（国产、含操作系统）","A02010107 图形工作站","台",1,null,{"v":15000,"d":"15,000.00"},{"v":15000,"d":"15,000.00"}]
["水文水资源服务支出经费","保安服务","C21040001 物业管理服务","年",1,{"v":60000,"d":"60,000.00"},{"v":60000,"d":"60,000.00"},{"v":60000,"d":"60,000.00"}]
["合  计",{"$nulls":4},{"v":209400,"d":"209,400.00"},{"v":337400,"d":"337,400.00"},{"v":317736,"d":"317,736.00"},{"$nulls":3},{"v":19664,"d":"19,664.00"},{"$nulls":4},{"v":19664,"d":"19,664.00"}]

{"sheet":"部门政府购买服务预算表08","index":11,"n_rows":11,"n_cols":14,"rows_kept":11,"merged":[[1,0,1,13],[2,0,2,2],[3,0,5,0],[3,1,5,1],[3,2,5,2],[3,3,3,13],[4,3,5,3],[4,4,5,4],[4,5,5,5],[4,6,5,6],[4,7,5,7],[4,8,4,13],[9,0,9,2]]}
[{"$nulls":13},"预算08表"]
["2026年部门政府购买服务预算表"]
[{"$f":"\"单位名称：\"&\"云南省水文水资源局德宏分局\"","v":"单位名称：云南省水文水资源局德宏分局"},{"$nulls":12},"单位：元"]
["预算项目","政府购买服务项目","政府购买服务目录","资金来源"]
[{"$nulls":3},"合计","一般公共预算","政府性\n基金","国有资本经营收益","财政专户管理的收入","单位自筹"]
[{"$nulls":8},"小计","事业收入","事业单位\n经营收入","上级补助收入","附属单位上缴收入","其他收入"]
[1,2,3,4,5,6,7,8,9,10,11,12,13,14]
[]
[]
["合  计"]
["备注：云南省水文水资源局德宏分局不涉及政府购买服务预算，本表为空。"]

{"sheet":"省对下转移支付预算表09-1","index":12,"n_rows":9,"n_cols":24,"rows_kept":9,"merged":[[1,0,1,23],[2,0,2,8],[3,0,4,0],[3,1,3,3],[3,4,3,23]]}
[{"$nulls":23},"预算09-1表"]
["2026年省对下转移支付预算表"]
[{"$f":"\"单位名称：\"&\"云南省水文水资源局德宏分局\"","v":"单位名称：云南省水文水资源局德宏分局"},{"$nulls":22},"单位：元"]
["单位名称（项目）","资金来源",null,null,"地区"]
[null,"合计","一般公共预算","政府性基金","昆明","昭通","曲靖","玉溪","红河","文山","普洱","西双版纳","楚雄","大理","保山","德宏","丽江","怒江","迪庆","临沧","宣威","腾冲","镇雄","未分配到地区数"]
[1,2,3,4,5,6,7,8,9,10,11,12,13,14,15,16,17,18,19,20,21,22,23,24]
[]
[]
["备注：云南省水文水资源局德宏分局不涉及省对下转移支付预算，本表为空。"]

{"sheet":"省对下转移支付绩效目标表09-2","index":13,"n_rows":8,"n_cols":10,"rows_kept":8,"merged":[[1,0,1,9],[2,0,2,7]]}
[{"$nulls":9},"预算09-2表"]
["2026年省对下转移支付绩效目标表"]
[{"$f":"\"单位名称：\"&\"云南省水文水资源局德宏分局\"","v":"单位名称：云南省水文水资源局德宏分局"}]
["单位名称、项目名称","项目年度绩效目标","一级指标","二级指标","三级指标","指标性质","指标值","度量单位","指标属性","指标内容"]
[1,2,3,4,5,6,7,8,9,10]
[]
[]
["备注：云南省水文水资源局德宏分局不涉及省对下转移支付绩效目标，本表为空。"]

{"sheet":"新增资产配置表10","index":14,"n_rows":44,"n_cols":8,"rows_kept":44,"merged":[[1,0,1,7],[3,0,4,0],[3,1,4,1],[3,2,4,2],[3,3,4,3],[3,4,4,4],[3,5,3,7],[42,0,42,4],[43,0,43,7]]}
[{"$nulls":7},"预算10表"]
["2026年新增资产配置表"]
[{"$f":"\"单位名称：\"&\"云南省水文水资源局德宏分局\"","v":"单位名称：云南省水文水资源局德宏分局"}]
["单位名称","资产类别","资产分类代码.名称","资产名称","计量单位","财政部门批复数（元）"]
[{"$nulls":5},"数量","单价","金额"]
["1","2","3","4","5","6","7","8"]
["云南省水文水资源局德宏分局","设备","A02010107 图形工作站","图形工作站（国产，含操作系统）","台",1,{"v":30000,"d":"30,000.00"},{"v":30000,"d":"30,000.00"}]
["云南省水文水资源局德宏分局","设备","A02010107 图形工作站","图形工作站（国产，含操作系统）","台",1,{"v":15000,"d":"15,000.00"},{"v":15000,"d":"15,000.00"}]
["云南省水文水资源局德宏分局","设备","A02010399 其他信息安全设备","奇安信网神威胁监测与分析系统设备","套",1,{"v":180000,"d":"180,000.00"},{"v":180000,"d":"180,000.00"}]
["云南省水文水资源局德宏分局","设备","A02020800 触控一体机","智慧屏触控一体机","套",3,{"v":30000,"d":"30,000.00"},{"v":90000,"d":"90,000.00"}]
["云南省水文水资源局德宏分局","设备","A02021007 条码打印机","条码打印机","台",1,{"v":2850,"d":"2,850.00"},{"v":2850,"d":"2,850.00"}]
["云南省水文水资源局德宏分局","设备","A02061504 不间断电源","不间断电源电池组","组",1,{"v":82000,"d":"82,000.00"},{"v":82000,"d":"82,000.00"}]
["云南省水文水资源局德宏分局","设备","A02061599 其他电源设备","户外移动电源","组",2,{"v":20000,"d":"20,000.00"},{"v":40000,"d":"40,000.00"}]
["云南省水文水资源局德宏分局","设备","A02061599 其他电源设备","无人船续航电池","组",1,{"v":10000,"d":"10,000.00"},{"v":10000,"d":"10,000.00"}]
["云南省水文水资源局德宏分局","设备","A02061599 其他电源设备","无人机续航电池","组",2,{"v":5000,"d":"5,000.00"},{"v":10000,"d":"10,000.00"}]
["云南省水文水资源局德宏分局","设备","A02061804 空调机","空调机（壁挂式）","台",2,{"v":3200,"d":"3,200.00"},{"v":6400,"d":"6,400.00"}]
["云南省水文水资源局德宏分局","设备","A02061804 空调机","空调机（柜式）","台",2,{"v":7200,"d":"7,200.00"},{"v":14400,"d":"14,400.00"}]
["云南省水文水资源局德宏分局","设备","A02080899 其他视频会议系统设备","视频会议远程云台摄像机","台",5,{"v":3000,"d":"3,000.00"},{"v":15000,"d":"15,000.00"}]
["云南省水文水资源局德宏分局","设备","A02091107 视频监控设备","32路硬盘录像机","台",1,{"v":4000,"d":"4,000.00"},{"v":4000,"d":"4,000.00"}]
["云南省水文水资源局德宏分局","设备","A02091107 视频监控设备","8路硬盘录像机","台",2,{"v":1000,"d":"1,000.00"},{"v":2000,"d":"2,000.00"}]
["云南省水文水资源局德宏分局","设备","A02091107 视频监控设备","监控存储硬盘","台",3,{"v":2000,"d":"2,000.00"},{"v":6000,"d":"6,000.00"}]
["云南省水文水资源局德宏分局","设备","A02091107 视频监控设备","视频监控系统设备（太阳能供电）","套",1,{"v":12000,"d":"12,000.00"},{"v":12000,"d":"12,000.00"}]
["云南省水文水资源局德宏分局","设备","A02100301 显微镜","倒置光学显微镜","台",1,{"v":110000,"d":"110,000.00"},{"v":110000,"d":"110,000.00"}]
["云南省水文水资源局德宏分局","设备","A02100401 电化学分析仪器","电子滴定器","台",2,{"v":7000,"d":"7,000.00"},{"v":14000,"d":"14,000.00"}]
["云南省水文水资源局德宏分局","设备","A02101800 水文仪器设备","AR和AI边缘计算融合终端系统设备1.0","套",2,{"v":52000,"d":"52,000.00"},{"v":104000,"d":"104,000.00"}]
["云南省水文水资源局德宏分局","设备","A02101800 水文仪器设备","E601蒸发器","套",3,{"v":7000,"d":"7,000.00"},{"v":21000,"d":"21,000.00"}]
["云南省水文水资源局德宏分局","设备","A02101800 水文仪器设备","测流缆道控制柜","台",1,{"v":60000,"d":"60,000.00"},{"v":60000,"d":"60,000.00"}]
["云南省水文水资源局德宏分局","设备","A02101800 水文仪器设备","固定式单探头雷达波测流系统设备","套",1,{"v":180000,"d":"180,000.00"},{"v":180000,"d":"180,000.00"}]
["云南省水文水资源局德宏分局","设备","A02101800 水文仪器设备","雷达水位计遥测系统设备","套",1,{"v":25000,"d":"25,000.00"},{"v":25000,"d":"25,000.00"}]
["云南省水文水资源局德宏分局","设备","A02101800 水文仪器设备","雷达水位计支架","架",2,{"v":22000,"d":"22,000.00"},{"v":44000,"d":"44,000.00"}]
["云南省水文水资源局德宏分局","设备","A02101800 水文仪器设备","流速仪","台",5,{"v":7000,"d":"7,000.00"},{"v":35000,"d":"35,000.00"}]
["云南省水文水资源局德宏分局","设备","A02101800 水文仪器设备","流速仪","台",5,{"v":7000,"d":"7,000.00"},{"v":35000,"d":"35,000.00"}]
["云南省水文水资源局德宏分局","设备","A02101800 水文仪器设备","全自动蒸发系统设备","套",1,{"v":100000,"d":"100,000.00"},{"v":100000,"d":"100,000.00"}]
["云南省水文水资源局德宏分局","设备","A02101800 水文仪器设备","水准尺","组",5,{"v":2000,"d":"2,000.00"},{"v":10000,"d":"10,000.00"}]
["云南省水文水资源局德宏分局","设备","A02101800 水文仪器设备","一体式雨量在线监测系统设备","套",3,{"v":10000,"d":"10,000.00"},{"v":30000,"d":"30,000.00"}]
["云南省水文水资源局德宏分局","设备","A02101800 水文仪器设备","智能翻斗式雨量传感器","台",5,{"v":6200,"d":"6,200.00"},{"v":31000,"d":"31,000.00"}]
["云南省水文水资源局德宏分局","设备","A02101800 水文仪器设备","智能翻斗式雨量传感器","套",5,{"v":5600,"d":"5,600.00"},{"v":28000,"d":"28,000.00"}]
["云南省水文水资源局德宏分局","设备","A02101800 水文仪器设备","智能翻斗式雨量传感器","台",10,{"v":6200,"d":"6,200.00"},{"v":62000,"d":"62,000.00"}]
["云南省水文水资源局德宏分局","设备","A02101800 水文仪器设备","智能翻斗式雨量传感器","套",5,{"v":6200,"d":"6,200.00"},{"v":31000,"d":"31,000.00"}]
["云南省水文水资源局德宏分局","设备","A02101800 水文仪器设备","智能翻斗式雨量传感器（北斗版）","台",2,{"v":16000,"d":"16,000.00"},{"v":32000,"d":"32,000.00"}]
["云南省水文水资源局德宏分局","设备","A02101800 水文仪器设备","智能翻斗式雨量传感器（北斗版）","套",5,{"v":16500,"d":"16,500.00"},{"v":82500,"d":"82,500.00"}]
["云南省水文水资源局德宏分局","设备","A02101800 水文仪器设备","智能预报降雨监测系统设备","套",1,{"v":50000,"d":"50,000.00"},{"v":50000,"d":"50,000.00"}]
["合计",{"$nulls":4},94,null,{"v":1604150,"d":"1,604,150.00"}]
["注：涉及土地使用权、房屋、公务用车购置，按照现行相关管理制度规定报批，以职能部门审批意见为准。"]

{"sheet":"中央转移支付补助项目支出预算表11","index":15,"n_rows":11,"n_cols":11,"rows_kept":11,"merged":[[1,0,1,10],[2,0,2,6],[3,0,5,0],[3,1,5,1],[3,2,5,2],[3,3,5,3],[3,4,5,4],[3,5,5,5],[3,6,5,6],[3,7,5,7],[3,8,3,10],[4,8,5,8],[4,9,5,9],[4,10,5,10],[9,0,9,6]]}
[{"$nulls":10},"预算11表"]
["2026年中央转移支付补助项目支出预算表"]
[{"$f":"\"单位名称：\"&\"云南省水文水资源局德宏分局\"","v":"单位名称：云南省水文水资源局德宏分局"},{"$nulls":9},"单位：元"]
["项目分类","项目名称","项目单位","功能科目编码","功能科目名称","经济科目编码","经济科目名称","合计","上级补助"]
[{"$nulls":8},"一般公共预算","政府性基金预算","国有资本经营预算"]
[{"$nulls":8},"小计"]
[1,2,3,4,5,6,7,8,9,10,11]
[]
[]
["合  计"]
["备注：云南省水文水资源局德宏分局不涉及中央转移支付补助项目预算，本表为空。"]

{"sheet":"部门项目支出中期规划预算表12","index":16,"n_rows":11,"n_cols":7,"rows_kept":11,"merged":[[1,0,1,6],[2,0,2,3],[3,0,5,0],[3,1,5,1],[3,2,5,2],[3,3,5,3],[3,4,3,6],[4,4,5,4],[4,5,5,5],[4,6,5,6],[10,0,10,3]]}
[{"$nulls":6},"预算12表"]
["2026年部门项目支出中期规划预算表"]
[{"$f":"\"单位名称：\"&\"云南省水文水资源局德宏分局\"","v":"单位名称：云南省水文水资源局德宏分局"},{"$nulls":5},"单位：元"]
["项目单位","项目分类","项目名称","项目级次","一般公共预算"]
[{"$nulls":4},"2026年","2027年","2028年"]
[{"$nulls":5},"小计"]
[1,2,3,4,5,6,7]
["云南省水文水资源局德宏分局",{"$nulls":3},{"v":2754700,"d":"2,754,700.00"},{"v":2754700,"d":"2,754,700.00"},{"v":2754700,"d":"2,754,700.00"}]
[null,"229 其他运转类","水文水资源服务支出经费","本级",{"v":2414700,"d":"2,414,700.00"},{"v":2414700,"d":"2,414,700.00"},{"v":2414700,"d":"2,414,700.00"}]
[null,"312 民生类","其他人员支出","本级",{"v":340000,"d":"340,000.00"},{"v":340000,"d":"340,000.00"},{"v":340000,"d":"340,000.00"}]
["合计","",null,null,{"v":2754700,"d":"2,754,700.00"},{"v":2754700,"d":"2,754,700.00"},{"v":2754700,"d":"2,754,700.00"}]